ICE Hockey League Teams 2025/2026 - Statistiken

Allgemein
  • Dieses Quiz wurde 11 mal gespielt
  • Das Durchschnittsergebnis liegt bei 12 aus 13
Antwortstatistiken
Antwort % Korrekt
Black Wings Linz
100%
EC Red Bull Salzburg
100%
Ferencvarosi TC
100%
Graz99ers
100%
HCB Foxes Südtirol Alperia
100%
HC Falkensteiner Pustertal
100%
HC Innsbruck
100%
Klagenfurter AC
100%
Vienna Capitals
100%
Villacher SV
100%
Fehervar AV19
86%
Olympia Ljubljana
86%
Pioneers Vorarlberg
71%
Keine übereinstimmenden Quizze gefunden
Verteilung der Resultate
Anzahl Personen mit jedem Resultat
Perzentil nach korrekt beantworteten Fragen
Ihre Resultats-Entwicklung
Sie haben dieses Quiz noch nicht gespielt